Δία βίου εκπαίδευση ενηλίκων μεταναστών : διερεύνηση ψυχοκοινωνικών παραγόντων συμμετοχής και εγκατάλειψης
Αποθηκεύτηκε σε:
| Κύριος συγγραφέας: | |
|---|---|
| Μορφή: | Βιβλίο |
| Γλώσσα: | Greek |
| Δημοσίευση: |
Αθήνα :
Παπαζήσης,
c2018.
|
| Σειρά: | Σύγχρονη κοινωνιολογική θεωρία και έρευνα
|
| Θέματα: | |
| Ετικέτες: |
Προσθήκη ετικέτας
Δεν υπάρχουν, Καταχωρήστε ετικέτα πρώτοι!
|
MARC
| LEADER | 00000nam a2200000 a 4500 | ||
|---|---|---|---|
| 001 | 1/126143 | ||
| 008 | 230213s2018####gr | ||| |||| ||gre|| | ||
| 020 | |a 9789600233858 | ||
| 040 | |a GR-MyUa |b gre |c GR-MyUa |e AACR2 | ||
| 041 | 0 | |b gre | |
| 082 | 7 | |a 374 |2 (23) | |
| 100 | 1 | |a Θεοδωρακοπούλου, Θωμαΐτσα Γ. | |
| 245 | 1 | 0 | |a Δία βίου εκπαίδευση ενηλίκων μεταναστών : |b διερεύνηση ψυχοκοινωνικών παραγόντων συμμετοχής και εγκατάλειψης / |c Θωμαΐτσα Θεοδωρακοπούλου. |
| 260 | |a Αθήνα : |b Παπαζήσης, |c c2018. | ||
| 300 | |a 352 σ. ; |c 24 εκ. | ||
| 490 | 1 | |a (Σύγχρονη κοινωνιολογική θεωρία και έρευνα) | |
| 504 | |a Βιβλιογραφία: σ. 299-315. | ||
| 650 | 0 | |a Continuing education | |
| 650 | 0 | |a Adult education | |
| 650 | 0 | |a Immigrants |x Education. | |
| 830 | 0 | |a Σύγχρονη κοινωνιολογική θεωρία και έρευνα | |
| 852 | |a INST |b LESVOS |c EUDOXUS |e 20230213 |h 374 ΘΕΟ |p 005100064819 |q 005100064819 |t EDX |y 0 | ||
| 920 | |a Εύδοξος |b Παραγγελία |y Λέσβος-ΤΚ |z 2023-01 | ||
| 970 | |a Καμάτσου |b Δέσποινα |z 13-01-2023 | ||